000 00856nam a2200205 4500
001 116819
003 ES-MaACL
005 20230906190756.0
007 t|
008 061121s1967 sp r ||||1| spa d
100 1 _aPena Cardenal, Carlos.
_990139
245 1 0 _aNavegación deportiva
_b: ; Contestaciones al programa de patrones de embarcaciones deportivas de vela y a motor de segunda clase ; Reglamento simplificado de regatas ; Cómo se organiza una regata /
_cCarlos Pena Cardenal.
250 _a1ª. ed.
260 _aBarcelona :
_bJuventud,
_c1967.
300 _a208 p. :
_bil. ;
_c22 cm.
740 0 _aContestaciones al programa de patrones de embarcaciones deportivas de vela y a motor de segunda clase.
740 0 _aReglamento simplificado de regatas.
740 0 _aCómo se organiza una regata.
852 _aES-MaACL
_jC-31574
_bR.62243
999 _c116819
_d116819